• 首页
  • 本馆介绍
  • 公告通知
  • 最新文献
  • 馆藏检索
  • 电子资源
  • 读者导购
  • 参考咨询
  • 我的图书馆
  • 登录
  • 详细信息显示
  • 放入我的书架
  • 预约/预借图书
  • 作者相关作品
  • 分类相关作品
  • 丛书相关作品
  • 出版社相关作品

书目信息

  • 表格格式
  • 工作单格式
  • 卡片格式
题名:
学海导航
    
 
作者: 薛永宽 编著
分册:  
出版信息: 大连   大连海事大学出版社  1996
页数: 278页
开本: 20cm
丛书名:
单 册:
中图分类: G442 , G632.46
科图分类:
主题词: 中学生--学习心理学--研究 , 中学生 , 学习心理学 , 中学生--学习方法--研究 , 学习方法
电子资源:
ISBN: 7-5632-0979-4
000 00828nam0 2200277 450
001 1547328125
005 20150205130900.85
010    @a7-5632-0979-4@dCNY9.80
100    @a19970617d1996 demy0chiy0110 ea
101 0  @achi
102    @aCN@b210000
105    @ay z 000yy
200 1  @a学海导航@9xue hai dao hang@e中学生学习心理及学习方法指导@f薛永宽编著
210    @a大连@c大连海事大学出版社@d1996
215    @a278页@d20cm
517 1  @a中学生学习心理及学习方法指导@9zhong xue sheng xue xi xin li ji xue xi fang fa zhi dao
606 0  @a中学生@x学习心理学@x研究
606 0  @a中学生
606 0  @a学习心理学
606 0  @a中学生@x学习方法@x研究
606 0  @a学习方法
690    @aG442@v5
690    @aG632.46@v5
701  0 @a薛永宽@9xue yong kuan@4编著
801  0 @aCN@bTSSF@c20150205
905    @aZUCC@dG442@eJY44
    
    学海导航:中学生学习心理及学习方法指导/薛永宽编著.-大连:大连海事大学出版社,1996
    278页;20cm
    
    
    ISBN 7-5632-0979-4:CNY9.80
    
●
相关链接 在E读中查询图书 在五车中查询图书 在当当中查询图书 在豆瓣中查询图书


正题名:学海导航     索取号:G442/JY44         预约/预借

序号 登录号 条形码 馆藏地/架位号 状态 备注
1 7865824   278658249   学院路分馆/ [索取号:G442/JY44] 在馆    
唐山师范学院图书馆 欢迎您!
大连网信软件有限公司© 版权所有